00323nam a22001337a 4500003000500000005001700005008004100022040000600063082001400069100003400083245003300117260003000150300000900180CEME20210628204044.0210105b xxu||||| |||| 00| 0 eng d c. a613.2 SAF aProf Hakeem Mirza Safdar Baig aPhaloon aur sabzion say ilaj aJEHLUMbBOOK CORNERc2011 a150P